Směry vědeckotechnického rozvoje ve strojírenství 2

Saved in:
Bibliographic Details
Format: Book
Language:Czech
Published: Praha Ústředí vědeckých, technických a ekonomických informací 1985
Tags: Add Tag
No Tags, Be the first to tag this record!

MARC

LEADER 00000nam a2200000 4500
001 c108939
005 20190620111156.7
041 0 |a cze 
044 |a CZ 
245 1 0 |a Směry vědeckotechnického rozvoje ve strojírenství 2 
264 1 |a Praha  |b Ústředí vědeckých, technických a ekonomických informací  |c 1985 
300 |a 76 s.